00258nam a2200109Ia 4500008004100000020001800041082001400059100002000073245002300093260001800116500001400134260604s9999 xx 000 0 und d a9780702310164 a808.3 DON aJulia Donaldson 0aThe Christmas Pine bScholastic UK aChristmas